Elvasia elvasioides (<Ochnacées>) et les especies affines (Registro nro. 14888)

Detalles MARC
000 -CABECERA
Campo de control 003370000a22001210004500
090 ## - CLASIFICACIÓN LOCAL
Colección AS
Consecutivo Seriadas
041 0# - IDIOMA
Código de idioma para texto/pista de sonido o título separado
100 1# - ASIENTO PRINCIPAL--NOMBRE PERSONAL
Nombre personal Sastre, C.
245 10 - MENCION DE TITULO
Título Elvasia elvasioides (<Ochnacées>) et les especies affines
700 1# - ASIENTO SECUNDARIO - NOMBRE PERSONAL
Nombre personal Lescure, Jean Paul
773 1# - Item fuente:
Título Caldasia
Especificación de materiales 45
Descripción física 57
Paginas del Articulo 131-144
Lugar, editorial y fecha de publicación 1978
Información sobre la relación 12
942 ## - ELEMENTOS ADICIONALES (KOHA)
Tipo de ítem Artículo

No hay ítems disponibles.